| 000 | 00551nam a22001937a 4500 | ||
|---|---|---|---|
| 003 | BUBTL | ||
| 008 | 191106b xxu||||| |||| 00| 0 eng d | ||
| 020 | _a978-984-603-328-1 | ||
| 082 | _a340.07 / FAE | ||
| 100 |
_92446 _aAl Faruque, Abdullah |
||
| 245 |
_aEssentials of Legal Research / _cAbdullah Al Faruque |
||
| 250 | _a3rd ed. | ||
| 260 |
_aDhaka : _bPalal Prokashoni, _cc2019. |
||
| 300 |
_axiii, 160 p. : _c22 cm . |
||
| 650 | 0 |
_926 _aLaw |
|
| 856 |
_k0 _l0 _yDownload |
||
| 942 |
_2ddc _cBK |
||
| 999 |
_c6143 _d6143 |
||